000 00438nam a2200181Ia 4500
005 20240823032923.0
008 240823s9999||||xx |||||||||||||| ||und||
041 _aENGLISH
082 _A627 Q1
100 _aGhosh Karuna Moy
245 0 _aAnalysis and Design practice of Hydraulic concrete structures
250 _a1st
260 _c2011
_b#VALUE!
500 _aYES
650 _aConcrete
_bCivil
942 _cBK
999 _c194577
_d194577